| 000 | 00376nam a22001337a 4500 | ||
|---|---|---|---|
| 999 |
_c518575 _d518575 |
||
| 008 | 210930b ||||| |||| 00| 0 eng d | ||
| 100 |
_aKrishna, Sridhar _929642 |
||
| 245 | _aWorld capitalist crises: A contemporary view | ||
| 260 | _aSocial Scientist | ||
| 300 | _a49(5-6), May-Jun, 2021: p.13-28 | ||
| 773 | _aSocial Scientist | ||
| 906 | _aCAPITALISM | ||
| 942 | _cAR | ||